|
|
|
|
| LEADER |
02122nam a2200385 a 4500 |
| 001 |
41773 |
| 003 |
BD-DhAAL |
| 005 |
20231001130613.0 |
| 008 |
231001t1994 onca b 00100 eng d |
| 010 |
|
|
|a 95137188
|
| 015 |
|
|
|a C94-931312-2
|
| 020 |
|
|
|a 0802074839
|c $14.95
|
| 020 |
|
|
|a 0802004679
|c $40.00
|
| 035 |
|
|
|a 566970
|
| 040 |
|
|
|a ANL
|b eng
|d ANL
|d BD-DhAAL
|
| 042 |
|
|
|a lccopycat
|
| 050 |
|
0 |
|a HQ796
|b .D247 1994
|
| 055 |
0 |
1 |
|a HQ796
|
| 055 |
0 |
0 |
|a HQ796
|b D35 1994
|
| 082 |
0 |
0 |
|a 305.235
|2 20
|
| 100 |
1 |
|
|a Danesi, Marcel,
|d 1946-
|9 30569
|
| 245 |
1 |
0 |
|a Cool :
|b the signs and meanings of adolescence /
|c Marcel Danesi.
|
| 260 |
|
|
|a Toronto ;
|a Buffalo, N.Y. :
|b University of Toronto Press,
|c c1994.
|
| 300 |
|
|
|a xiv, 168 pages :
|b illustrations ;
|c 23 cm.
|
| 490 |
1 |
|
|a Toronto studies in semiotics
|
| 504 |
|
|
|a Includes bibliographical references and index.
|
| 505 |
0 |
|
|a 1. A History of Teenagerhood. Adolescence vs. Teenagerhood. J.D. Salinger's Catcher in the Rye. The Fifties. The Sixties. The Seventies and Eighties. The Post-modern Teenager -- 2. The Emergence of Coolness. Signifying Osmosis. Body Image. Social Cognition. The Cliquing Phenomenon. Partying -- 3. An Anatomy of Coolness. Facial Appearance and Expression. Dress Codes. Musical Preferences. Smoking. Hanging Out -- 4. Pubilect: The Language of Teenagerhood. Pubilect vs. Slang. Features. Situational Focusing. Verbal Duelling. Cross-Cultural Comparisons -- 5. The Future of Teenagerhood. Teenagers and the Media. The High School. The Mythology of Childhood. The New Mythology of Teenagerhood. The World of the Post-modern Teenager: Catcher in the Rye or Clockwork Orange?
|
| 526 |
|
|
|a BIED
|
| 541 |
|
|
|a Complimentary copy from BIED
|e 41773
|
| 650 |
|
0 |
|a Teenagers.
|
| 830 |
|
0 |
|a Toronto studies in semiotics.
|9 55629
|
| 852 |
|
|
|a Ayesha Abed Library
|c BIED Collection
|
| 942 |
|
|
|2 ddc
|c BK
|
| 999 |
|
|
|c 46191
|d 46191
|
| 952 |
|
|
|0 0
|1 0
|2 ddc
|4 0
|6 305_235000000000000_DAN
|7 0
|9 74491
|a BRACUL
|b BRACUL
|c GEN
|d 2023-10-01
|e Complimentary copy from BIED
|l 0
|o 305.235 DAN
|p 3010041773
|r 2023-10-01
|t 1
|w 2023-10-01
|y BK
|x Transferred from BIED to General Stacks
|